Loading...
| History - Other | 0 | 7 | 0 | 0 | 70 | 46 | 89.86 | 2 | 3 | 0.00 | 0.00 |
| History - World | 0 | 5 | 0 | 0 | 50 | 84 | 111.40 | 1 | 3 | 0.00 | 0.00 |
| History - European | 0 | 5 | 1 | 1 | 45 | 38 | 92.20 | 1 | 4 | 0.00 | 0.00 |
| Religion | 0 | 4 | 0 | 1 | 40 | 123 | 131.25 | 0 | 2 | 0.00 | 0.00 |
| History - American | 0 | 3 | 1 | 1 | 25 | 79 | 97.00 | 1 | 2 | 0.00 | 0.00 |
| Current Events | 0 | 2 | 0 | 0 | 20 | 68 | 86.00 | 0 | 1 | 0.00 | 0.00 |
| Science - Physics | 0 | 2 | 0 | 0 | 20 | 117 | 118.50 | 0 | 2 | 0.00 | 0.00 |
| Social Science | 0 | 2 | 0 | 0 | 20 | 85 | 87.50 | 0 | 2 | 0.00 | 0.00 |
| Geography | 0 | 1 | 0 | 0 | 10 | 114 | 114.00 | 0 | 1 | 0.00 | 0.00 |
| Literature - American | 0 | 1 | 0 | 0 | 10 | 103 | 103.00 | 0 | 0 | 0.00 | 0.00 |
| Mythology | 0 | 1 | 0 | 0 | 10 | 88 | 88.00 | 0 | 1 | 0.00 | 0.00 |
| Literature - European | 0 | 1 | 0 | 0 | 10 | 130 | 130.00 | 0 | 1 | 0.00 | 0.00 |
| Philosophy | 0 | 1 | 1 | 0 | 5 | 156 | 156.00 | 0 | 1 | 0.00 | 0.00 |
| Fine Arts - Painting and Sculpture | 0 | 0 | 0 | 0 | 0 | 0.00 | 0 | 0 | 0.00 | 0.00 | |
| Literature - World | 0 | 0 | 0 | 0 | 0 | 0.00 | 0 | 0 | 0.00 | 0.00 |